|
|
|
|
| LEADER |
00000nam a2200000 a 4500 |
| 001 |
vtls008153876 |
| 003 |
SK-MaSNL |
| 005 |
20260302053236.0 |
| 008 |
251124s1992 gw 100 0 ger |
| 015 |
|
|
|a SNBZSA2005-00385
|
| 020 |
|
|
|a 3790805998
|q (brož. : Physica-Verlag)
|
| 020 |
|
|
|a 3927529907
|q (brož. : Mittelbayerische Dr. und Verl.-Ges.)
|
| 035 |
|
|
|a urn:nbn:sk:snk-am00a280
|
| 035 |
|
|
|a urn:nbn:sk:snk-am3hdsj
|
| 035 |
|
|
|a 096F110E-DC4D-4095-8E1D-3D2A389F0C0B
|
| 040 |
|
|
|a SNK
|b slo
|c SNK
|e AACR2
|
| 041 |
0 |
|
|a ger
|
| 043 |
|
|
|a e------
|a e-gw---
|
| 044 |
|
|
|a gw
|c DE
|
| 072 |
|
7 |
|a 94(4)
|x Dejiny Eurpy
|2 konspekt
|
| 080 |
|
|
|a 94(4)
|x (063)
|2 snkbuxs
|
| 080 |
|
|
|a 316.443.3
|2 snkbuxs
|
| 080 |
|
|
|a 321.011
|2 snkbuxs
|
| 245 |
0 |
0 |
|a Region, Nation, Europa
|b historische Determinanten der Neugliederung eines Kontinents
|c herausgegeben von Günther Lottes unter Mitwirkung von Georg Kunz
|
| 260 |
|
|
|a Heidelberg
|b Physica-Verlag
|c 1992
|
| 300 |
|
|
|a 319 s.
|b mp.
|c 24 cm
|
| 490 |
0 |
|
|a Schriftenreihe der Europa-Kolloquien im Alten Reichstag
|v Bd. 1
|
| 504 |
|
|
|a Bibliogr. s. 295 - 314
|
| 648 |
|
7 |
|a 1800-1991
|2 snkbuxs
|9 710964
|
| 650 |
0 |
7 |
|a regióny
|2 snkbuxs
|9 2350
|
| 650 |
0 |
7 |
|a národ (kategória)
|2 snkbuxs
|9 4718
|
| 651 |
|
7 |
|a Európa
|2 snkph
|9 167569
|
| 655 |
|
7 |
|a zborníky
|2 snkph
|9 70165
|
| 700 |
1 |
|
|a Lottes, Günther
|4 edt
|9 710965
|
| 700 |
1 |
|
|a Kunz, Georg
|4 edt
|9 710966
|
| 811 |
2 |
|
|a Europa-Kolloquium im Alten Reichstag
|t Schriftenreihe der Europa-Kolloquien im Alten Reichstag
|9 710967
|
| 919 |
|
|
|a 3-7908-0599-8
|
| 919 |
|
|
|a 3-927529-90-7
|
| 958 |
|
|
|a ZS
|
| 958 |
|
|
|a NB
|
| 999 |
|
|
|c 1108665
|d 1110595
|
| 952 |
|
|
|a SNK
|b SNK
|y PREZ
|7 0
|p 17A0471716
|o snkSC 120455
|i snk2005/10437
|8 2
|g 30.17
|0 0
|1 0
|4 0
|d 2005-05-13
|f 1
|l 0
|r 2025-05-29 00:00:00
|w 2026-02-24
|